羽越本線の駅 - Statistics

General Stats
  • This quiz has been taken 6 times
  • The average score is 28 of 60
Answer Stats
Hint Answer % Correct
新潟県 新津
100%
新発田
100%
村上
100%
鶴岡
100%
酒田
100%
羽後本荘
100%
秋田
100%
府屋
83%
あつみ温泉
83%
余目
83%
象潟
83%
仁賀保
83%
中条
67%
坂町
67%
山形県 鼠ケ関
67%
東酒田
67%
羽後牛島
67%
水原
50%
越後早川
50%
桑川
50%
越後寒川
50%
遊佐
50%
女鹿
50%
京ケ瀬
33%
神山
33%
月岡
33%
平木田
33%
平林
33%
岩船町
33%
間島
33%
今川
33%
小岩川
33%
小波渡
33%
羽前水沢
33%
羽前大山
33%
藤島
33%
西袋
33%
北余目
33%
砂越
33%
本館
33%
南鳥海
33%
秋田県 小砂川
33%
上浜
33%
羽後岩谷
33%
羽後亀田
33%
岩城みなと
33%
道川
33%
下浜
33%
桂根
33%
新屋
33%
中浦
17%
加治
17%
金塚
17%
勝木
17%
五十川
17%
三瀬
17%
吹浦
17%
金浦
17%
西目
17%
折渡
17%
No matching quizzes found
Score Distribution
Percent of People with Each Score
Percentile by Number Answered
Your Score History
You have not taken this quiz